000 01382nam a2200253 i 4500
003 CSPC
005 20231025153507.0
008 231020s2021 nyua 001 0 eng
020 _a9781260590838
040 _aCSPC
_cCSPC
_beng
050 0 0 _aHF5679
_b.R535
082 0 0 _223
_a657.0727
_bR393i
100 1 _aRichardson, Veron J.,
_eauthor.
245 1 0 _aIntroduction to data analytics for accounting /
_cVernon J. Richardson, Katie L. Terrell, and Ryan A. Teeter.
264 1 _aNew York :
_bMcGraw Hill,
_c2021.
300 _axxi, 588 pages ;
_bcolor illustrations :
_c26 cm.
500 _aIncludes index.
505 0 _aUsing data analytics to ask and answer accounting questions -- Master the data: An introduction to accounting data -- Master the data: data types and how they are used -- Master the data: Preparing data for analysis -- Perform the data: Descriptive analytics -- Perform the analysis: Diagnostic analysis -- Perform the analysis: Predictive analytics -- Perform the analysis: Prescriptive analysis -- Share the story.-- Using the AMPS model to put it all together: capstone project.
650 0 _aAccounting
_xData processing
700 1 _aTerrell, Katie,
_eauthor.
700 1 _aTeeter, Ryan,
_eauthor.
942 _2ddc
_cBK
_e23
_h657.0727
_iR393i
_kCIR
_m2021
_n0
999 _c26350
_d26350